000 01002nam a2200265Ia 4500
003 OSt
005 20220930204358.0
006 a|||||r|||| 00| 0
007 ta
008 220926b |||||||| |||| 00| 0 hin d
024 _a10381
037 _cDissertations
040 _aCRL
_cCRL
_bhin
041 _2hin
_ahin
100 _aरक्षा, ले.
110 _aदिल्ली विश्वविद्यालय. कला संकाय. हिन्दी विभाग
245 0 _a‘ सत्यमेव जयते ’ में सामाजिक सरोकार
246 _aṢh satyamev jayate ṣh mean sāmājik sarokāra
260 _c2012
300 _a190पृ0
_ccm.
650 _aहिन्दी साहित्य
700 _aदिल्ली विश्वविद्यालय. कला संकाय. हिन्दी विभाग
942 _cDIS
_2CC
999 _c905955
_d905955